000 00534 a2200169 4500
999 _c8093
_d8093
010 _aENG-88287
020 _c98.00
035 _aEN-71820
037 _bDBAD / PUB
082 1 4 _a355.03071154
100 _aSircar, Kaushik
245 1 _aDefence studies/
_cby Kaushik Sircar
260 _aNew Delhi
_bHimalaya Publishing House
_c2006
270 _a"Pooja Apartments", 4-B, Murari Lal Street, Ansari Road, Darya Ganj,
_bNew Delhi
_e110 002
300 _a132p.
_c22cm ( pbk)
942 _adpl
_cEN
_2ddc
_h355.03071154
_mSIR